[Event "6th Dvorkovich Cup"]
[Site "Moscow RUS"]
[Date "2011.06.30"]
[Round "7.6"]
[White "Bortnik,N"]
[Black "Tilicheev,V"]
[Result "1/2-1/2"]
[WhiteElo "2302"]
[BlackElo "2361"]

1.e4 c5 2.c3 Nf6 3.e5 Nd5 4.d4 cxd4 5.Nf3 Nc6 6.cxd4 d6 7.Bc4 Nb6 8.Bb5 dxe5
9.Nxe5 Bd7 10.Nxd7 Qxd7 11.Nc3 Rd8 12.O-O e6 13.Be3 a6 14.Be2 Nxd4 15.Bxd4 Qxd4
16.Qc2 Bd6 17.Rad1 Qe5 18.g3 O-O 19.Bf3 Rb8 20.Qb3 Bc7 21.Rfe1 Qc5 22.Rc1 Qe7
23.a4 Rfc8 24.Kg2 Nd7 25.Nd5 Qd8 26.Rcd1 exd5 27.Bxd5 Qf6 28.Bxf7+ Qxf7 29.Qxf7+ Kxf7
30.Rxd7+ Kf6 31.Ree7 Bd6 32.Rxg7 Rc2 33.Rxh7 Ke6 34.Rxb7 Rf8 35.Rh6+ Ke5
36.Rh5+ Kd4 37.h4 Rfxf2+ 38.Kh3 Rh2+ 39.Kg4 Rhg2 40.Rb3 Rxb2 41.Rf3 Rbf2
42.Rg5 Ke4 43.Rxf2 Rxf2 44.Rg6 Be5 45.Kh5 Rf5+ 46.Kh6 Rf6 47.h5 Kf3 48.Kh7 Rxg6
49.hxg6 Kxg3 50.g7 Bxg7 51.Kxg7 Kf4 52.Kf6 Ke4 53.a5  1/2-1/2

[Event "7th A Ermaka Memorial"]
[Site "Zaporizhzhia UKR"]
[Date "2011.06.30"]
[Round "8.6"]
[White "Tkachenko,G"]
[Black "Boldysh,Maxim"]
[Result "1-0"]
[WhiteElo "2233"]
[BlackElo "1993"]

1.e4 c5 2.c3 Nf6 3.e5 Nd5 4.d4 cxd4 5.cxd4 e6 6.Nf3 b6 7.Nc3 Bb7 8.Bd3 Na6
9.O-O Nab4 10.Bb1 Rc8 11.Bd2 Nxc3 12.bxc3 Nd5 13.Qb3 Ba6 14.Rc1 Bc4 15.Qb2 Be7
16.Be3 O-O 17.Qc2 g6 18.Bh6 Ba6 19.Qd2 Re8 20.Be4 Bc4 21.Bg5 f6 22.Bxd5 Bxd5
23.exf6 Bxf6 24.Bxf6 Qxf6 25.Ne5 d6 26.Ng4 Qe7 27.Re1 Rf8 28.a4 Qb7 29.Ne3 Rf7
30.f3 Rfc7 31.Rac1 Bb3 32.Ng4 Rf8 33.Qg5 Qc8 34.Nf6+ Kh8 35.Ne4 Qd7 36.a5 bxa5
37.Qxa5 Bd5 38.Nd2 Rfc8 39.Qb4 Rb7 40.Qa3 Rbc7 41.Re3 Rc6 42.Rce1 Qc7 43.Rc1 a5
44.c4 Bxc4 45.Rxc4 Rxc4 46.Nxc4 Qxc4 47.Qxd6 Re8 48.Qe5+ Kg8 49.h4 Rd8 50.Re4 Qd5
51.Qf6 a4 52.h5 Rf8 53.Qe7 Qxh5 54.Rh4 Rf7 55.Qe8+ Rf8 56.Qxe6+ Kg7 57.Rxh5 gxh5
58.Qd7+  1-0

[Event "Championnat de Corse"]
[Site "Bastia FRA"]
[Date "2011.07.01"]
[Round "7.3"]
[White "Humeau,C"]
[Black "Stubbe,D"]
[Result "1/2-1/2"]
[WhiteElo "2226"]
[BlackElo "1946"]

1.e4 c5 2.c3 Nf6 3.e5 Nd5 4.Bc4 Nb6 5.Bb3 d5 6.exd6 exd6 7.d4 Be7 8.dxc5 dxc5
9.Qxd8+ Bxd8 10.Be3 Na6 11.Nf3 O-O 12.O-O Bf6 13.Na3 Bd7 14.Rad1 Bc6 15.Rfe1 Rad8
16.Rxd8 Rxd8 17.Bg5 Bxf3 18.Bxf6 gxf6 19.gxf3 Kf8 20.Kf1 Nc7 21.Nc4 Nxc4
22.Bxc4 b5 23.Bb3 c4 24.Bc2 Rd2 25.Re2 Rd5 26.a4 Ne6 27.axb5 Rxb5 28.Bb1 Ra5
29.Re1 h6 30.Rd1 Ke7 31.Be4 Nf4 32.Ke1 Re5 33.Kf1 Ra5 34.Ke1 Re5 35.Kf1 Ra5
36.Ke1  1/2-1/2

[Event "TCh-TUR 2011"]
[Site "Konya TUR"]
[Date "2011.07.01"]
[Round "4"]
[White "Yaka,B"]
[Black "Tulay,S"]
[Result "1/2-1/2"]
[WhiteElo "1525"]
[BlackElo "1778"]

1.e4 c5 2.c3 Nf6 3.e5 Nd5 4.d4 cxd4 5.cxd4 e6 6.Nf3 d6 7.Bc4 Nb6 8.Bb3 Nc6
9.O-O Be7 10.Nc3 d5 11.h3 Bd7 12.Bf4 Na5 13.Bc2 Rc8 14.Qd3 Nac4 15.Rab1 Bb4
16.Bc1 Qc7 17.Ne2 Bb5 18.Qb3 Nxe5 19.Nxe5 Qxc2 20.Qxb4 Bxe2 21.Bg5 f6 22.Rfc1 Qf5  1/2-1/2

[Event "ch-BEL"]
[Site "Antwerp BEL"]
[Date "2011.07.02"]
[Round "1.4"]
[White "Hovhanisian,M"]
[Black "Hautot,S"]
[Result "1-0"]
[WhiteElo "2479"]
[BlackElo "2405"]

1.e4 c5 2.c3 Nf6 3.e5 Nd5 4.d4 cxd4 5.cxd4 e6 6.Nc3 Nxc3 7.bxc3 d6 8.f4 Be7
9.Nf3 O-O 10.Bd3 b6 11.Qc2 h6 12.Qe2 Bb7 13.O-O Nd7 14.Bd2 Rc8 15.Rae1 Qc7
16.Qf2 Bd5 17.Qg3 f5 18.exf6 Rxf6 19.f5 e5 20.Rf2 Qc6 21.h3 Bf8 22.Nh2 e4
23.Bb1 Re8 24.Ng4 Kh8 25.Nxf6 Nxf6 26.Qh4 Kg8 27.Rfe2 Bc4 28.Bxe4 d5 29.Bf3 Bxe2
30.Bxe2 Qa4 31.Bf3 Rxe1+ 32.Qxe1 Qxa2 33.Bf4 Qc2 34.Qe6+ Kh7 35.Be5 Qxc3
36.Qf7 Bc5 37.Bxf6 Bxd4+ 38.Bxd4 Qxd4+ 39.Kh1 Qa1+ 40.Kh2 Qe5+ 41.g3 d4 42.f6  1-0

[Event "TCh-TUR 2011"]
[Site "Konya TUR"]
[Date "2011.07.02"]
[Round "5"]
[White "Ali Marandi,C"]
[Black "Ozmen,Mustafa Lutfi Poyraz"]
[Result "1-0"]
[WhiteElo "2265"]
[BlackElo "1670"]

1.e4 c5 2.c3 Nf6 3.e5 Nd5 4.d4 cxd4 5.cxd4 Nc6 6.Nf3 d6 7.Bc4 e6 8.O-O Be7
9.Qe2 O-O 10.Rd1 h6 11.a3 a6 12.Bd3 Qc7 13.Bd2 f5 14.exf6 Nxf6 15.Nc3 d5
16.Bc2 Bd6 17.Qd3 Qf7 18.Re1 Qh5 19.h3 Bd7 20.Re2 Rae8 21.Rae1 Qf5 22.Qxf5 exf5
23.Bb3 Rxe2 24.Rxe2 Ne7 25.Ne5 Bc6 26.Bf4 Bxe5 27.dxe5 Ne8 28.Rd2 Nc7 29.Be3 Rd8
30.g4 fxg4 31.hxg4 Ne6 32.f4 g6 33.Ne4 Kg7 34.Nd6 h5 35.f5 d4 36.f6+ Kh7
37.fxe7 Rxd6 38.exd6 dxe3 39.Re2 Ng7 40.Rxe3 hxg4 41.Bf7 Ne8 42.Bxe8 Bxe8
43.d7 Bxd7 44.e8=Q Bxe8 45.Rxe8  1-0

[Event "9th Niki Open"]
[Site "Nachod CZE"]
[Date "2011.07.02"]
[Round "1.1"]
[White "Kislinsky,A"]
[Black "Peniska,P"]
[Result "1-0"]
[WhiteElo "2521"]
[BlackElo "1946"]

1.e4 c5 2.c3 Nf6 3.e5 Nd5 4.d4 cxd4 5.cxd4 e6 6.Bc4 Bb4+ 7.Bd2 Qa5 8.Qg4 O-O
9.Nf3 Nc6 10.O-O f5 11.Qh4 Bxd2 12.Nbxd2 Nce7 13.Bxd5 Nxd5 14.Nc4 Qd8 15.Qxd8 Rxd8
16.Nd6 b6 17.g3 Rb8 18.Rfc1 Bb7 19.Ne1 Bc6 20.Nd3 a5 21.b3 g5 22.a3 Ra8 23.f4 g4
24.Ra2 Ne7 25.Rac2 Bd5 26.Rc3 Nc6 27.Nb5 Rdc8 28.Kf2 Be4 29.Nb2 Ne7 30.Rxc8+ Rxc8
31.Rxc8+ Nxc8 32.Nd6 Nxd6 33.exd6 Bc2 34.Nc4  1-0

[Event "5th Dachsteinwelterbe Rapid"]
[Site "Obertraun AUT"]
[Date "2011.07.02"]
[Round "8"]
[White "Schneider,Il"]
[Black "Bokros,A"]
[Result "1/2-1/2"]
[WhiteElo "2498"]
[BlackElo "2470"]

1.e4 c5 2.c3 Nf6 3.e5 Nd5 4.Nf3 e6 5.d4 cxd4 6.cxd4 d6 7.Bc4 Nc6 8.O-O Be7
9.exd6 Qxd6 10.Nc3 Nxc3 11.bxc3 O-O 12.Re1 b6 13.Ng5  1/2-1/2

[Event "1st San Bernardino Open"]
[Site "San Bernandino SUI"]
[Date "2011.07.02"]
[Round "5.2"]
[White "Aerni,A"]
[Black "Gaponenko,I"]
[Result "0-1"]
[WhiteElo "2163"]
[BlackElo "2455"]

1.e4 c5 2.c3 Nf6 3.e5 Nd5 4.d4 cxd4 5.cxd4 d6 6.Nf3 Nc6 7.Bc4 Nb6 8.Bb5 dxe5
9.Nxe5 Bd7 10.Nxd7 Qxd7 11.O-O Rd8 12.Be3 e6 13.Nc3 Be7 14.Qb3 O-O 15.Rfd1 Qd6
16.Be2 Qb4 17.Bf3 Qxb3 18.axb3 Nd5 19.Na4 Rc8 20.Nc3 Rfd8 21.Nxd5 exd5 22.Bg4 Rc7
23.Rdc1 a6 24.Kf1 g6 25.Bf4 Bd6 26.Bg5 Be7 27.Bf4 Bd6 28.Bg5 Re8 29.Bf3 Rd7
30.Bxd5 Nxd4 31.Rd1 Be5 32.Bc4 Bg7 33.Rd2 b5 34.Be2 Rxe2 35.Rxe2 Nxe2 36.Kxe2 Rd6
37.Rd1 Rxd1 38.Kxd1 Bxb2 39.Kc2 Bd4 40.f3 f6 41.Kd3 Bb2 42.Bd2 Kf7 43.g4 Ke6
44.Ba5 h5 45.h3 Kd5 46.Bd8 f5 47.gxh5 gxh5 48.Kc2 Be5 49.Kd3 Kc5 50.Be7+ Kd5
51.Bd8 Bd6 52.Ba5 Bc5 53.Be1 Ke5 54.Bd2 Kf6 55.Ke2 Bb6 56.b4 Ke5 57.Kd3 Bd8
58.Bc1 a5 59.bxa5 Bxa5 60.Bg5 Be1 61.Be3 Kd5 62.Bc1 b4 63.Bb2 Bg3  0-1

[Event "ch-BEL Open"]
[Site "Antwerp BEL"]
[Date "2011.07.03"]
[Round "2.4"]
[White "Swijsen,L"]
[Black "Draftian,A"]
[Result "0-1"]
[WhiteElo "1960"]
[BlackElo "2290"]

1.e4 c5 2.c3 Nf6 3.e5 Nd5 4.d4 cxd4 5.cxd4 e6 6.Nc3 Nxc3 7.bxc3 Qc7 8.Bd2 Nc6
9.Bd3 d5 10.f4 Bd7 11.Nf3 h6 12.O-O Na5 13.Qe2 Be7 14.Be1 O-O-O 15.Nd2 Kb8
16.f5 Ka8 17.f6 gxf6 18.exf6 Bd6 19.Nf3 Rc8 20.Ne5 Nc6 21.Bg3 Nxe5 22.dxe5 Ba3
23.Be1 Rhg8 24.Qh5 Bc5+ 25.Kh1 Bc6 26.Bh7 Rh8 27.Bd3 Rcg8 28.Bg3 Rg5 29.Qe2 d4
30.cxd4 Bxd4 31.Rae1 Bc3 32.Rc1 Bxe5 33.Be4 Bxg3 34.Rxc6 bxc6 35.Rc1 Rd5
36.Bxd5 exd5 37.hxg3 Qxg3 38.Qa6 Qh4+ 39.Kg1 Qd4+ 40.Kh1 Qxf6 41.Rxc6 Qh4+
42.Kg1 Rb8 43.Rc8 Qd4+ 44.Kh2 Qb6 45.Qxb6 axb6 46.Rc7 Rd8 47.Kg1 f6 48.Rc6 Kb7
49.Rxf6 Ka6 50.Kf2 Kb5 51.a4+ Kc5 52.Rxh6 Rf8+ 53.Ke3 Re8+ 54.Kd3 Rg8 55.Rh3 Rxg2
56.Kc3 Re2 57.Rh6 d4+ 58.Kd3 Re3+ 59.Kd2 Ra3 60.Rh5+ Kc4 61.Rb5 Rb3 62.Rh5 Rb2+
63.Kc1 Ra2 64.Rh6 Rxa4 65.Rxb6 Kc3 66.Kd1 Ra1+ 67.Ke2 d3+ 68.Ke3 Re1+ 69.Kf2 d2
70.Rc6+ Kb4 71.Rb6+ Ka5  0-1

[Event "38th ch-IND w Challengers"]
[Site "Chennai IND"]
[Date "2011.07.03"]
[Round "2"]
[White "Arunima,K"]
[Black "Nandhidhaa,P"]
[Result "1/2-1/2"]
[WhiteElo "1867"]
[BlackElo "2101"]

1.e4 c5 2.c3 Nf6 3.e5 Nd5 4.d4 cxd4 5.Nf3 e6 6.cxd4 d6 7.a3 Nc6 8.Bd3 Be7
9.O-O O-O 10.Qc2 g6 11.Bh6 Re8 12.b4 dxe5 13.dxe5 Ndxb4 14.axb4 Nxb4 15.Qa4 Nxd3
16.Rd1 Bd7 17.Qg4 Nb4 18.Nc3 Nd5 19.Ne4 f5 20.exf6 Nxf6 21.Nxf6+ Bxf6 22.Bg5 Bxg5
23.Nxg5 Qe7 24.Rd3 Bc6 25.Re1 e5 26.Qc4+ Kg7 27.f4 e4 28.Rde3 Rac8 29.Qa2 h6
30.Nf3 Qf7 31.Qb2+ Qf6 32.Ne5 g5 33.g3 Kh7 34.Qf2 gxf4 35.gxf4 Rg8+ 36.Kh1 Bd5
37.Rd1 Qe6 38.Qd2 Bb3 39.Rxb3 Qxb3 40.Qd7+ Kh8 41.Nf7+ Kg7 42.Ne5+ Kh8 43.Nf7+ Kg7
44.Kg2  1/2-1/2

[Event "5th Varna Open"]
[Site "Golden Sands BUL"]
[Date "2011.07.03"]
[Round "1.14"]
[White "Ahmadova,Fatima Mahammad Qizi"]
[Black "Shishkov,M"]
[Result "0-1"]
[WhiteElo "1578"]
[BlackElo "2295"]

1.e4 c5 2.c3 Nf6 3.e5 Nd5 4.d4 cxd4 5.cxd4 e6 6.Nf3 b6 7.Be2 Ba6 8.Bd2 Qc8
9.Nc3 Nxc3 10.Bxc3 Qb7 11.O-O Be7 12.Qd2 O-O 13.Rac1 Bxe2 14.Qxe2 Na6 15.Rfd1 Nc7
16.Qd2 Nd5 17.Ng5 Bxg5 18.Qxg5 f6 19.Qg3 Qa6 20.a3 fxe5 21.Qxe5 Rf6 22.Bd2 Raf8
23.f3 Rg6 24.f4 Qb7 25.Qe4 Qb8 26.Rf1 Rgf6 27.h3 Nxf4 28.Bxf4 Rxf4 29.Rxf4 Qxf4
30.Qxf4 Rxf4 31.Rd1 Kf7 32.d5 e5 33.Re1 Kf6 34.g3 Rd4 35.Rf1+ Ke7 36.Rc1 Rxd5
37.Rc7 a5 38.Rc2 Rd3 39.Kf2 Rb3 40.h4 h5 41.Kg2 Ke6 42.Rd2 e4 43.Re2 d5 44.Kf2 Ke5
45.Rc2 d4 46.Rc8 Rxb2+ 47.Ke1 d3 48.Re8+ Kd4 49.Rd8+ Ke3 50.Kf1 Rb1+ 51.Kg2 d2
52.Kh3 d1=Q 53.Rxd1 Rxd1  0-1

[Event "10th La Fere Open"]
[Site "La Fere FRA"]
[Date "2011.07.03"]
[Round "2.4"]
[White "Jerez Perez,A"]
[Black "Mancini,M"]
[Result "1/2-1/2"]
[WhiteElo "2416"]
[BlackElo "2213"]

1.e4 c5 2.c3 Nf6 3.e5 Nd5 4.Nf3 e6 5.d4 cxd4 6.cxd4 d6 7.Bc4 Nc6 8.O-O Be7
9.Qe2 O-O 10.Qe4 Bd7 11.Nbd2 Rc8 12.a3 Qa5 13.Ba2 Rfd8 14.Nc4 Qc7 15.Ng5 f5
16.exf6 Nxf6 17.Nxe6 Nxe4 18.Nxc7 Rxc7 19.Nxd6+ Kf8 20.Nxe4 Nxd4 21.Be3 Bb5
22.Rfd1 Nc2 23.Rxd8+ Bxd8 24.Rc1 Nxe3 25.Rxc7 Bxc7 26.fxe3 Be5 27.Nc3 Bc6
28.h3 b5 29.Bb1 h6 30.Bd3 a6 31.Kf2 Ke7 32.Bf1 a5 33.Nd1 b4 34.axb4 axb4
35.Bc4 Be4 36.Bb3 h5 37.Ba4 h4 38.Kg1 Bf5 39.b3 Bc7 40.Nf2 Bg3 41.Kf1 Kd6
42.Ke2 Bxf2 43.Kxf2  1/2-1/2

[Event "5th Dachsteinwelterbe Rapid"]
[Site "Obertraun AUT"]
[Date "2011.07.03"]
[Round "1"]
[White "Hessenberger,Andreas"]
[Black "Kozul,Z"]
[Result "0-1"]
[WhiteElo "2049"]
[BlackElo "2541"]

1.e4 c5 2.c3 Nf6 3.e5 Nd5 4.d4 cxd4 5.cxd4 d6 6.exd6 Qxd6 7.Nc3 Nc6 8.Bb5 a6
9.Bxc6+ Qxc6 10.Qf3 Nxc3 11.Qxc6+ bxc6 12.bxc3 c5 13.Ne2 cxd4 14.cxd4 Bb7
15.f3 e6 16.Be3 Rc8 17.Kf2 Bd5 18.Rhc1 Rxc1 19.Nxc1 Be7 20.Nb3 O-O 21.Nc5 Rb8
22.Nxa6 Rb2+ 23.Kg3 g5 24.Nc5 f5 25.Bc1 Rc2 26.Ba3 f4+ 27.Kh3 h5 28.Rc1 g4+
29.fxg4 Bxg2+  0-1

[Event "XXXIV Open"]
[Site "Barbera del Valles ESP"]
[Date "2011.07.04"]
[Round "1"]
[White "Deshpande,Ani"]
[Black "Ibarra Jerez,JC"]
[Result "0-1"]
[WhiteElo "2228"]
[BlackElo "2530"]

1.e4 c5 2.c3 Nf6 3.e5 Nd5 4.d4 cxd4 5.cxd4 d6 6.Nf3 e6 7.Nc3 Nxc3 8.bxc3 Qc7
9.Bd2 Nd7 10.Qa4 Be7 11.Bd3 O-O 12.exd6 Bxd6 13.O-O b6 14.d5 exd5 15.Qh4 f5
16.Ng5 Nf6 17.Rfe1 h6 18.Ne6 Bxe6 19.Rxe6 Ne4 20.Bxh6 Kf7 21.Bxe4 Kxe6 22.Bf3 gxh6
23.Qxh6+ Kd7 24.Qg7+ Kc8 25.Qd4 Qc5 26.Qa4 Kc7 27.c4 Bxh2+ 28.Kf1 Qxc4+ 29.Qxc4+ dxc4
30.Bxa8 Rxa8 31.g3 f4 32.Kg2 fxg3 33.fxg3 Bxg3 34.Kxg3 Rf8  0-1

[Event "e2e4 ch-IRL"]
[Site "Dublin IRL"]
[Date "2011.07.04"]
[Round "3"]
[White "Prizant,M"]
[Black "Benson,O"]
[Result "1-0"]
[WhiteElo "2126"]
[BlackElo "2003"]

1.e4 c5 2.c3 Nf6 3.e5 Nd5 4.d4 cxd4 5.Nf3 Nc6 6.cxd4 d6 7.Bc4 Nb6 8.Bb5 a6
9.Bxc6+ bxc6 10.Nc3 Bg4 11.h3 Bh5 12.g4 Bg6 13.e6 fxe6 14.Ng5 Qd7 15.Qe2 Bf7
16.O-O Nd5 17.Re1 Nc7 18.Nxf7 Kxf7 19.Ne4 h6 20.Be3 g6 21.Rac1 Rb8 22.Rc2 Bg7
23.Rec1 c5 24.dxc5 d5 25.c6 Qc8 26.Nc5 e5 27.Nd7 Rb5 28.Bc5 e4 29.Qd1 Bxb2
30.Rb1 Bf6 31.Rxb5 axb5 32.f3 exf3 33.Qxf3 Kg7 34.Rf2 Rf8 35.Nxf8 Qxf8 36.Bd4 Qd8
37.Bxf6+ exf6 38.Qa3 Kf7 39.Re2 Ne6 40.Qa7+ Nc7 41.Qc5 f5 42.gxf5 gxf5 43.Qd4 Qd6
44.Qe5 Qxe5 45.Rxe5 Kf6 46.Re1 d4 47.Kf2 h5 48.Kg3 Ne6 49.Rc1 Nc7 50.Re1 Ne6
51.h4 Nc7 52.Kf3 Nd5 53.Rc1 Nc7 54.Ke2 Ke5 55.Kd3 Kd5 56.Rf1 Ke5 57.Re1+ Kd5
58.Re7 Kxc6 59.Kxd4 f4 60.Rh7 b4 61.Rxh5  1-0

[Event "TCh-TUR 2011"]
[Site "Konya TUR"]
[Date "2011.07.04"]
[Round "7"]
[White "Agun,Lutfiye Selva"]
[Black "Tandogan,Buket"]
[Result "0-1"]
[WhiteElo "1572"]
[BlackElo "1548"]

1.e4 c5 2.c3 Nf6 3.e5 Nd5 4.d4 cxd4 5.Nf3 Nc6 6.Bc4 e6 7.cxd4 d6 8.exd6 Bxd6
9.O-O O-O 10.Nc3 Nf4 11.Re1 Ng6 12.Bg5 Be7 13.Bxe7 Ngxe7 14.Qd3 Nf5 15.Rad1 Nb4
16.Qe2 Nd5 17.Ne5 a6 18.Ne4 b5 19.Bb3 Bb7 20.Nc5 Qe7 21.Qf3 Nxd4 22.Rxd4 Qxc5
23.Rh4 Qe7 24.Qh5 Nf6 25.Qg5 Bd5 26.Rxh7 Kxh7 27.Bc2+ Kg8 28.Re3 g6 29.Rh3 Be4
30.Qh6 Nh5 31.Bxe4 Qb4 32.g4 Qe1+ 33.Kg2 Qxe4+ 34.Kg1 Qxe5 35.gxh5 Qg7 36.Qf4 g5
37.Qe3 Rfe8 38.h6 Qg6 39.h7+ Kh8 40.Rg3 f6 41.h4 Rad8 42.hxg5 fxg5 43.Rxg5 Qf6
44.Qg3 Qxb2 45.Qf4 Qd4 46.Qf7 Rf8  0-1

[Event "10th La Fere Open"]
[Site "La Fere FRA"]
[Date "2011.07.04"]
[Round "4.5"]
[White "Schartz,A"]
[Black "Mancini,M"]
[Result "1/2-1/2"]
[WhiteElo "2172"]
[BlackElo "2213"]

1.e4 c5 2.c3 Nf6 3.e5 Nd5 4.d4 cxd4 5.cxd4 e6 6.Nf3 d6 7.a3 Be7 8.Bd3 Nc6
9.O-O O-O 10.b4 dxe5 11.dxe5 Bd7 12.Nbd2 Nf4 13.Bb1 Ng6 14.Bb2 Qc7 15.Qc2 Rac8
16.Rc1 Qb8 17.Qd1 Ncxe5 18.Rxc8 Nxf3+ 19.Nxf3 Qxc8 20.h4 Rd8 21.Qe2 Bc6 22.g3 Nf8
23.Ne5 Bd5 24.Qh5 g6 25.Qh6 Bf6 26.Nxg6 Bxb2 27.Ne7+ Kh8 28.Nxc8 Rxc8 29.Bxh7 Bxa1
30.Be4+ Kg8 31.Qg5+ Bg7 32.Bxd5 exd5 33.h5 Ne6 34.Qxd5 Rc7 35.f4 Rc3 36.Kg2 Rxa3
37.Qxb7 Nd4 38.Qa8+ Kh7 39.Qe4+ f5 40.Qe8 Ra6 41.Qd7 Ra2+ 42.Kh1 Re2 43.Qf7 Nf3
44.Qxf5+ Kh8 45.Qc8+ Kh7 46.Qf5+  1/2-1/2

[Event "9th Niki Open"]
[Site "Nachod CZE"]
[Date "2011.07.04"]
[Round "3.32"]
[White "Horak,Ales"]
[Black "Gogela,Jan"]
[Result "0-1"]
[WhiteElo "1583"]
[BlackElo "1942"]

1.e4 c5 2.c3 Nf6 3.e5 Nd5 4.d4 cxd4 5.cxd4 d6 6.f4 Nc6 7.Bb5 Qa5+ 8.Nc3 Nxc3
9.Bxc6+ bxc6 10.Qd2 dxe5 11.dxe5 Ba6 12.Qxc3 Qb5 13.Qf3 e6 14.Bd2 Rb8 15.a4 Qb6  0-1

[Event "TCh-TUR 2011"]
[Site "Konya TUR"]
[Date "2011.07.05"]
[Round "9"]
[White "Yaka,B"]
[Black "Sop,S"]
[Result "0-1"]
[WhiteElo "1525"]
[BlackElo "1995"]

1.e4 c5 2.c3 Nf6 3.e5 Nd5 4.d4 cxd4 5.cxd4 e6 6.Nf3 d6 7.Bc4 Nc6 8.O-O Be7
9.Nbd2 Nf4 10.Bb3 d5 11.Nb1 Ng6 12.Nc3 O-O 13.a3 Bd7 14.Be3 Rc8 15.Rc1 f6
16.Bc2 Be8 17.Bxg6 Bxg6 18.Re1 Na5 19.Nd2 fxe5 20.f3 exd4 21.Bxd4 Nc6 22.Nb3 Bg5
23.Ra1 Re8 24.Bf2 Bf6 25.Nd4 Ne5 26.Qe2 Nd3 27.Red1 Nxf2 28.Qxf2 Qb6 29.Rd2 Bf7
30.f4 Rc4 31.Nce2 Rec8 32.h3 e5 33.fxe5 Bxe5 34.Rf1 R8c7 35.b3 Bxd4 36.Nxd4 Rc1
37.Rdd1 Rxd1 38.Rxd1 a6 39.Qh4 Qf6 40.Qg3 Rc8 41.Qg4 Rf8 42.Rf1 Qxf1+ 43.Kxf1 Bh5+
44.Qf5 Rxf5+ 45.Nxf5 Kf8 46.Ke1 Bg6 47.Nd4 Ke7 48.Kd2 Kd6 49.Ke3 Be4 50.g3 Ke5
51.Ne2 Bc2 52.b4 Bd1 53.Nd4 g6 54.Kd3 g5 55.Ke3  0-1

[Event "10th La Fere Open"]
[Site "La Fere FRA"]
[Date "2011.07.05"]
[Round "5.31"]
[White "Vernadet,Cyril"]
[Black "Oprandi,W"]
[Result "0-1"]
[WhiteElo "1649"]
[BlackElo "1779"]

1.e4 c5 2.c3 Nf6 3.e5 Nd5 4.d4 cxd4 5.Qxd4 e6 6.f4 Nc6 7.Qf2 d6 8.Nf3 Qc7
9.Bb5 a6 10.Bxc6+ Qxc6 11.O-O dxe5 12.fxe5 Bc5 13.Nd4 Qc7 14.Nd2 O-O 15.N2f3 b5
16.Kh1 Bb7 17.Bd2 Ne7 18.Be3 Rac8 19.Rfe1 Ng6 20.Qg3 Rfd8 21.h4 Rd5 22.Bf2 Bxd4
23.Bxd4 Rcd8 24.Kh2 Ne7 25.Rad1 Nf5 26.Qf4 Qe7 27.h5 R5d7 28.Rd3 b4 29.Red1 bxc3
30.bxc3 Qa3 31.Bc5 Rxd3 32.Rxd3 Qa5 33.Bb6 Qxb6 34.Rxd8+ Qxd8 35.Ng5 Qd5
36.Nf3 h6 37.Qb4 Qb5 38.Qxb5 axb5 39.Ne1 Ne3 40.a3 Ng4+ 41.Kg3 Nxe5 42.Kf4 Nc4
43.g4 Nxa3 44.Ke5 Bd5 45.Kd4 Bc4 46.Kc5 Nb1 47.Kb4 g6 48.Nc2 gxh5 49.gxh5 f5
50.Ne3 f4 51.Nxc4 bxc4 52.Kxc4 f3  0-1

[Event "10th La Fere Open"]
[Site "La Fere FRA"]
[Date "2011.07.05"]
[Round "5.36"]
[White "Vandervorst,M"]
[Black "Alloui-Cros,Baptiste"]
[Result "1-0"]
[WhiteElo "1882"]
[BlackElo "1599"]

1.e4 c5 2.c3 Nf6 3.e5 Nd5 4.d4 e6 5.c4 Nb6 6.Nf3 d5 7.cxd5 Nxd5 8.Nc3 cxd4
9.Nxd5 Qxd5 10.Qxd4 Qxd4 11.Nxd4 Bb4+ 12.Bd2 Bxd2+ 13.Kxd2 a6 14.Rc1 O-O
15.Bd3 Rd8 16.Ke3 Nd7 17.f4 Nb6 18.Be4 Nd5+ 19.Bxd5 Rxd5 20.Rc7 Bd7 21.Rxb7 Rd8
22.Rc7 Ba4 23.Nf3 Rd3+ 24.Kf2 Bd1 25.Re1 Kf8 26.Ra7 Bxf3 27.gxf3 Rd2+ 28.Re2 Rxe2+
29.Kxe2 Rb8 30.b3 Rb6 31.Ke3 g6 32.Rc7 h5 33.Kf2 Rb5 34.Kg3 Rd5 35.Rc4 a5
36.Rc2 Ke7 37.Kf2 Rd1 38.Ke2 Ra1 39.Kd3 Kd7 40.Kc3 Rb1 41.Rd2+ Kc6 42.Rf2 Kb5
43.a3 a4 44.bxa4+ Kxa4 45.Rb2 Ra1 46.Rb4+ Kxa3 47.Rb7 Rc1+ 48.Kd2 Rh1 49.Rxf7 Rxh2+
50.Ke3 Rg2 51.Re7 h4 52.Rh7 Rh2 53.Rh6 Rh1 54.Rxg6 h3 55.Rh6 Kb4 56.f5 h2
57.Kf4 exf5 58.Kxf5 Kc3 59.f4 Kd4 60.Rd6+ Kc5 61.Rd2 Kc6 62.e6 Kc7 63.e7 Re1
64.Rxh2 Rxe7 65.Rd2 Re1 66.Kf6 Rf1 67.f5 Kc6 68.Kg6 Rg1+ 69.Kf7 Rf1 70.f6 Kc7
71.Kg7 Rg1+ 72.Kf8 Rf1 73.f7 Kc8 74.Rg2 Kd7 75.Kg7 Ke7 76.f8=Q+  1-0

[Event "Naantalin Open"]
[Site "Naantali FIN"]
[Date "2011.07.05"]
[Round "3"]
[White "Pudas,T"]
[Black "Linden,L"]
[Result "1/2-1/2"]
[WhiteElo "2228"]
[BlackElo "1928"]

1.e4 c5 2.c3 Nf6 3.e5 Nd5 4.Nf3 e6 5.d4 cxd4 6.cxd4 d6 7.Bd2 Bd7 8.Nc3 Nxc3
9.Bxc3 Bc6 10.Bd3 Nd7 11.Qe2 dxe5 12.dxe5 Be7 13.O-O O-O 14.Rfd1 Bd5 15.Rac1 Nb6
16.Bb1 Qd7 17.Rd4 g6 18.Rcd1 Rfd8 19.h4 Qc6 20.Ne1 Bc4 21.Qg4 h5 22.Qg3 Rxd4
23.Rxd4 Qe8 24.b3 Ba6 25.Qf3 Nd5 26.Bb2 Bc5 27.Re4 Qe7 28.Bc1 Rc8 29.Bg5 Qe8
30.Kh2 Be7 31.Bd2 Qc6 32.Qg3 Nc3 33.Bxc3 Qxc3 34.Nf3 Kg7 35.Rd4 Rd8 36.Rxd8 Bxd8
37.Be4 Be2 38.Ng1 Qxg3+ 39.Kxg3 Ba6 40.Nf3 Bc7 41.Kh3 b6 42.g3 Kf8 43.Kg2 Bb8  1/2-1/2

[Event "9th Niki Open"]
[Site "Nachod CZE"]
[Date "2011.07.05"]
[Round "4.33"]
[White "Kuru,M"]
[Black "Koci,L"]
[Result "0-1"]
[WhiteElo "1866"]
[BlackElo "1963"]

1.e4 c5 2.c3 Nf6 3.e5 Nd5 4.d4 cxd4 5.cxd4 Nc6 6.Nf3 d6 7.Be2 dxe5 8.dxe5 Bg4
9.O-O e6 10.Qa4 h5 11.Nc3 Nb6 12.Qb3 Bxf3 13.Bxf3 Nd4 14.Qd1 Bc5 15.Bxb7 Rb8
16.Be4 Qc7 17.Re1 Rd8 18.Bd2 Kf8 19.Na4 Nxa4 20.Qxa4 Qxe5 21.Bb4 Qd6 22.Bxc5 Qxc5
23.Rad1 Rh6 24.b4 Qb6 25.Rc1 e5 26.Rc5 f5 27.Bd3 Rg6 28.Kf1 Qb7 29.f3 Nxf3
30.Re2 Rxd3 31.Qc2 Rd8 32.Qxf5+ Rf6  0-1

[Event "3rd Magic Valley"]
[Site "Rodatychi UKR"]
[Date "2011.07.05"]
[Round "2"]
[White "Molkova,O"]
[Black "Andrenko,I"]
[Result "1-0"]
[WhiteElo "2133"]
[BlackElo "2272"]

1.e4 c5 2.c3 Nf6 3.e5 Nd5 4.Nf3 e6 5.d4 cxd4 6.cxd4 b6 7.Nc3 Bb7 8.Bd3 d6
9.O-O Nxc3 10.bxc3 Qc7 11.Bf4 Nd7 12.Re1 Rc8 13.c4 Bxf3 14.Qxf3 dxe5 15.dxe5 Bb4
16.Qg3 Bxe1 17.Rxe1 g6 18.Bh6 Rg8 19.h4 f5 20.Bf4 Kf7 21.Qg5 h5 22.Rd1 Qd8
23.Qg3 Nc5 24.Bc2 Qc7 25.Bg5 Rcd8 26.Rd6 Rd7 27.Bf4 Qd8 28.Bg5 Qc7 29.Bf6 Nb7
30.Rxd7+ Qxd7 31.Qe3 Nc5 32.Qh6 Ke8 33.Qf4 Qc6 34.Qe3 Nd7 35.Qa3 Nxf6 36.Ba4 Qxa4
37.Qxa4+ Nd7 38.Qxa7 Ke7 39.Qc7 Rd8 40.Qd6+ Kf7 41.Kh2 f4 42.f3  1-0

[Event "TCh-TUR 2011"]
[Site "Konya TUR"]
[Date "2011.07.06"]
[Round "10"]
[White "Kucuk,D"]
[Black "Nyzhnyk,I"]
[Result "0-1"]
[WhiteElo "1885"]
[BlackElo "2583"]

1.e4 c5 2.c3 Nf6 3.e5 Nd5 4.d4 cxd4 5.Nf3 Nc6 6.cxd4 d6 7.Bc4 dxe5 8.dxe5 Ndb4
9.Qb3 e6 10.O-O Na5 11.Bb5+ Bd7 12.Qa4 Bxb5 13.Qxb5+ Nac6 14.Bg5 Qd3 15.Nc3 Qxb5
16.Nxb5 Rc8 17.Rfd1 h6 18.Bh4 Nd5 19.Rac1 a6 20.Nc3 Nxc3 21.Rxc3 g5 22.Bg3 Bg7
23.Nd4 Rd8 24.Rcd3 Nxe5 25.Bxe5 Bxe5 26.Nf3 Bf6 27.Rxd8+ Bxd8 28.Ne5 Bf6
29.Nd3 Ke7 30.Nc5 Rc8 31.b4 Rc7 32.Kf1 Be5 33.a3 a5 34.Nd3 Bc3 35.Ke2 a4
36.Rc1 b5 37.Rc2 f5 38.f3 Kd6  0-1

[Event "9th Niki Open"]
[Site "Nachod CZE"]
[Date "2011.07.06"]
[Round "5.13"]
[White "Chladek,Va"]
[Black "Kulhanek,T"]
[Result "0-1"]
[WhiteElo "2045"]
[BlackElo "2375"]

1.e4 c5 2.c3 Nf6 3.e5 Nd5 4.d4 cxd4 5.Qxd4 e6 6.Nf3 Nc6 7.Qe4 f5 8.Qe2 b5
9.g3 a5 10.Bg2 Be7 11.O-O O-O 12.Nbd2 Ba6 13.Re1 Qc7 14.Nf1 b4 15.c4 Bc5
16.Qc2 Nce7 17.b3 Ng6 18.Bb2 f4 19.g4 a4 20.Rad1 axb3 21.axb3 Bb7 22.N1d2 Be7
23.Nf1 Ra2 24.Rd2 Nh4 25.Nxh4 Bxh4 26.Qd1 f3 27.Bh3 Ne7 28.Bd4 Rxd2 29.Qxd2 Ng6
30.Ng3 Nf4 31.Bf1 Ne2+ 32.Nxe2 fxe2 33.Bg2 Bxg2 34.Kxg2 Qc6+ 35.Kg1 Qe4 36.Rxe2 Qxg4+
37.Kf1 Qf3 38.Re1 Qxb3  0-1

[Event "9th Niki Open"]
[Site "Nachod CZE"]
[Date "2011.07.06"]
[Round "5.23"]
[White "Slampa,J"]
[Black "Kozusek,Daniel"]
[Result "1-0"]
[WhiteElo "1970"]
[BlackElo "1728"]

1.e4 c5 2.c3 Nf6 3.e5 Nd5 4.d4 cxd4 5.cxd4 e6 6.Nc3 d6 7.f4 Nc6 8.Nf3 dxe5
9.fxe5 Bb4 10.Bd2 Nxd4 11.Bd3 Nxf3+ 12.Qxf3 Qb6 13.Bb5+ Kd8 14.Qd3 Bd7 15.Bxd7 Kxd7
16.Nxd5 Bxd2+ 17.Qxd2 exd5 18.O-O-O Rac8+ 19.Kb1 Qg6+ 20.Ka1 Kc7 21.Rhf1 Rhd8
22.Qf4 Qe6 23.Qg3 Qg6 24.Rxf7+ Kb8 25.Qxg6 hxg6 26.Rxg7 Rc6 27.Kb1 d4 28.Rf7 Re6
29.Rf6 Rxe5 30.Rxg6 d3 31.Rg3 Re2 32.h4 Rc8 33.Rgxd3 Rcc2 34.Rb3 Rxg2 35.h5 Rh2
36.a4 Rc5 37.Rd7 b6 38.Re3 Rc7 39.Rd5 Rc4 40.Re7 Rc7 41.Re4 Rh7 42.Ree5 Rh4
43.a5 Kb7 44.Kc2 Rh3 45.b3 Rg7 46.Kb2 Ka6 47.Ka3 Rg1 48.axb6 axb6 49.Rb5 Ra1+
50.Kb4 Rh4+ 51.Kc3 Ra5 52.Rbd5 Rxd5 53.Rxd5 Kb7 54.Rg5 Kc6 55.Rg6+ Kb5 56.h6 Ka5
57.Rf6 Ka6 58.Kd3 Ka5 59.Ke3 Rh3+ 60.Ke4 Rxb3 61.Rf5+ b5 62.Rh5 Rb1 63.h7 Re1+
64.Kd3  1-0

[Event "38th ch-IND w Challengers"]
[Site "Chennai IND"]
[Date "2011.07.07"]
[Round "8"]
[White "Ashwini,U"]
[Black "Preethi,R"]
[Result "0-1"]
[WhiteElo "1788"]
[BlackElo "2065"]

1.e4 c5 2.c3 Nf6 3.e5 Nd5 4.d4 cxd4 5.cxd4 e6 6.Nf3 Nc6 7.Bc4 Nb6 8.Bb3 d6
9.O-O dxe5 10.dxe5 Qxd1 11.Rxd1 Be7 12.Nc3 O-O 13.Bf4 Na5 14.Bc2 Bd7 15.Be4 Bc6
16.Bxc6 Nxc6 17.Nd4 Nb4 18.Ndb5 a6 19.Nd4 Rfd8 20.Rac1 h6 21.h3 Rac8 22.Bg3 Nc4
23.Nc2 Nd3 24.Rb1 Ncxb2 25.Rxd3 Nxd3 26.Rxb7 Rxc3 27.Rxe7 Rxc2  0-1